Statistics for US States With NBA Teams

Click here to take the quiz!

General Stats

  • This quiz has been taken 767 times
  • The average score is 15 of 21

Answer Stats

State% Correct
CaliforniaWarrios/Lakers/Clippers/Kings
95%
New YorkKnicks/Nets
90%
TexasSpurs/Rockets/Mavericks
89%
FloridaMagic/Heat
86%
ArizonaSuns
78%
OhioCavaliers
75%
OklahomaThunder
75%
UtahJazz
74%
OregonBlazers
73%
GeorgiaHawks
72%
MinnesotaTimberwolves
71%
ColoradoNuggets
70%
IllinoisBulls
70%
IndianaPacers
70%
MassachusettsCeltics
69%
MichiganPistons
69%
North CarolinaHornets
68%
Pennsylvania76ers
64%
LouisianaPelicans
63%
TennesseeGrizzlies
62%
WisconsinBucks
59%

Score Distribution

Percentile by Number Answered

Percent of People with Each Score

Your Score History

You have not taken this quiz